000 00678nam a2200241 a 4500
999 _c10533
_d10533
001 10533
003 BD-JhCC
005 20180503084952.0
008 180503s1963 nbu |||| |||| 000 0 eng d
035 _a(BD-JhCC)10533
040 _aBD-JhCC
_dBD-JhCC
041 _aeng
082 _a822.33
_bROY 1963
100 _aRoyster, Salibelle
245 _aMuch ado about nothing :
_b notes /
_cSalibelle Royster
260 _aUSA :
_bCliff's notes,
_c1963
300 _a64 p. :
_c21 cm.
504 _aIncludes bibliography
600 _aShakespeare, William,
_d1564-1616
650 _aMuch ado about nothing (Shakespeare, William)
650 _aEnglish Drama
942 _2ddc
_cBK